| 000 | 00592nam a2200181Ia 4500 | ||
|---|---|---|---|
| 005 | 20250508160716.0 | ||
| 008 | 008 250505s9999 xx 000 0 eng d | ||
| 037 | _aTextual | ||
| 040 |
_aFEDL _beng _cFEDL |
||
| 041 |
_aeng _2eng |
||
| 084 |
_a372.954, UNI _qFEDL |
||
| 245 | 0 | _aPrimary education in rural India : participation and wastage | |
| 245 | 0 | _cAgricultural Economics Research Centre University of Delhi | |
| 260 |
_aBombay, India _bTata McGraw Hill Publishing Company Ltd _c1971 |
||
| 300 | _a86p. | ||
| 942 |
_cTEXL _h372.954, UNI |
||
| 999 |
_c1366153 _d1366153 |
||